| 000 | 01236nam a22002537a 4500 | ||
|---|---|---|---|
| 005 | 20100602101919.0 | ||
| 008 | 100602t xxu||||| |||| 00| 0 hin d | ||
| 010 | _aHIN-89451 | ||
| 020 |
_c295.00 _a9789350001745 |
||
| 035 | _aHN-61797 | ||
| 037 | _bDBAD / PUB | ||
| 040 |
_aDPL _bHN |
||
| 082 | _a305.42095491 | ||
| 100 |
_aज़ाहिदा हिना _918420 |
||
| 245 |
_aपाकिस्तानी स्त्रीः यातना और संघर्ष / _cज़ाहिदा हिना ;शकील सिद्दीक़ी द्वारा अनुदित |
||
| 246 |
_aPakistani stri:Yatana aur sanghrsh _bby Zahida Hina; Tran bu Shakil Siddiqi |
||
| 260 |
_aनई दिल्ली _bवाणी प्रकाशन _c2010 |
||
| 270 |
_a4695, 21-ए, दरियागंज _bनई दिल्ली _e110002 |
||
| 300 |
_a228पृ _c22सेमी (सजिल्द) |
||
| 650 |
_aनारीवाद _918421 |
||
| 700 |
_aसिद्दीकी, शकील _918422 |
||
| 942 |
_2ddc _cHN _mज़ाहिरा |
||
| 999 |
_c36464 _d36464 |
||